LEADER 01460nam a2200301 u 4500 001 000000005674 003 CaOOAMICUS 005 20070226104804.0 008 941013s1968 it f u000 u ita u 035 $a10144226 040 $aPUL(R)$bita 041 1 $aita$hspa 100 1 $aValdés, Alfonso de,$d1498-1532.$0(OLS)http://pul/name/5833 245 10$aDue dialoghi /$cAlfonso de Valdés ; traduzione italiana del secolo XVI a cura di Giuseppe De Gennaro. 260 $aNapoli :$bIstituto Universitario Orientale,$c1968. 300 $axciii, 440 p. :$btav ;$c25 cm 490 1 $aPubblicazioni della Sezione Romanza dell'Istituto Universitario Orientale.$aTesti ;$v4 500 $aDialogo di Mercurio et Caronte - Dialogo delle cose successe a Roma. 504 $aBibliografia: p. [435]-440. 700 1 $aDe Gennaro, Giuseppe,$cS.I.,$d1932-$0(OLS)http://pul/name/5834 710 2 $aIstituto universitario orientale (Napoli).$bSezione romanza.$0(OLS)http://pul/name/5835 830 0$aPubblicazioni della Sezione Romanza dell'Istituto Universitario Orientale.$pTesti ;$v4.$0(OLS)http://pul/title/8317 850 $aPUL 852 $aPUL$W1$xSL Filosofia 1$y2$m117 B 42$j7967$nBK-PRI$b $qStampati$B7967$CPULBib$Z2$F7967 $H $81 941 1 $a8 961 $aINV: 31565 996 $6245$aDue dialoghi$9(OLS)http://pul/title/8316 996 $6260$aNapoli :$bIstituto Universitario Orientale$9(OLS)http://pul/publisher/50964 LEADER 01053naa a2200205 u 4500 001 000000103253 003 CaOOAMICUS 005 20070226130215.0 008 061106s1966 it u000 u fre u 035 $a11105420 040 $aIAR$bita 100 1 $aAnawati, Georges C.,$d1905-1994.$0(OLS)http://pul/name/8994 245 13$aLa philosophie de la nature chez les penseurs musulmans au moyen âge /$cGeorges C. Anawati. 260 $aMilano :$bSocietà editrice Vita e pensiero,$c[1966] 300 $ap. 66-89 ;$c24 cm 500 $aIAR: CF.175 650 4$aFilosofia islamica$yEvo medio.$0(OLS)http://pul/subject/9922 773 0 $aCongrès international de philosophie médiévale.$tLa filosofia della natura nel Medioevo : atti del 3. Congresso internazionale di filosofia medioevale, Passo della Mendola (Trento) 31 agosto-5 settembre 1964$w()9030 996 $6245$aLa philosophie de la nature chez les penseurs musulmans au moyen âge$9(OLS)http://pul/title/130160 996 $6260$aMilano :$bSocietà editrice Vita e pensiero$9(OLS)http://pul/publisher/49967